000 00400nam a2200169Ia 4500
005 20240823011250.0
008 240823s9999||||xx |||||||||||||| ||und||
082 _A823 k3
100 _aReaders Digest
245 0 _aReaders Digest Condensed Books
250 _a1st
260 _b"Reader's Digest Association,L"
500 _aYES
650 _aGeneral
_bGeneral
942 _cBK
999 _c161027
_d161027